000 00457nam a2200169Ia 4500
005 20250326143729.0
008 250326s9999 xx 000 0 und d
037 _aTextbook
040 _aFMSL
_beng
_cFMSL
041 _aeng
_2eng
084 _aXoB P1
_qFMSL
100 _aWinker P
_9748447
245 0 _aOptimization heuristics in econometrics
_cWinker P
260 _aNY
_bNY, John
_c2001
942 _cTB
_hXoB P1
999 _c1300779
_d1300779